000 00505nam a22001937a 4500
003 OSt
005 20180116183047.0
008 160722b xxu||||| |||| 00| 0 eng d
020 _a9780071151092
040 _c0
082 _a658.4038 OBR 2003
100 _aJames A. O'Brien
245 _aIntroduction to Information System
_cJames A. O'Brien
250 _a11th
260 _aUSA
_bMc Graw Hall
_c2003
300 _a450+50 p.
_bPB
440 _aIntroduction to Information System
942 _2ddc
_cBK
999 _c351486
_d351486